Provisional sums (Record no. 77529)
[ view plain ]
| 000 -LEADER | |
|---|---|
| fixed length control field | 01268cab a2200217 4500 |
| 001 - CONTROL NUMBER | |
| control field | ##L134461 |
| 008 - FIXED-LENGTH DATA ELEMENTS--GENERAL INFORMATION | |
| fixed length control field | 060808n2006 000 0 eng u |
| 035 ## - SYSTEM CONTROL NUMBER | |
| System control number | (Sirsi) u134461 |
| 041 0# - LANGUAGE CODE | |
| Language code of text/sound track or separate title | eng |
| 100 1# - MAIN ENTRY--PERSONAL NAME | |
| Personal name | Brewer, Geoff |
| 245 00 - TITLE STATEMENT | |
| Title | Provisional sums |
| 260 ## - PUBLICATION, DISTRIBUTION, ETC. | |
| Date of publication, distribution, etc. | 2006 |
| 490 #0 - SERIES STATEMENT | |
| Series statement | Contract Journal |
| Volume/sequential designation | 434(6586) 2 August 2006, 21(1) |
| 520 ## - SUMMARY, ETC. | |
| Summary, etc. | Considers the implications of the recent CA decision in "Midland Expressway Ltd v Carillion Construction Ltd and others" ([2006] EWCA Civ 936, unreported), where C's appeal against a decision that provisional sums contained in a contract between it and M should be deducted from the final contract price was dismissed. It is thus clear that even where a contract fails to set out the rules for expenditure of a provisional sum, it is to be understood that the provisional sum is to be omitted in calculating the final account, and that a valuation of the work actually carried out substituted for it. |
| 590 ## - LOCAL NOTE (RLIN) | |
| Local note | IKA220806 |
| 650 24 - SUBJECT ADDED ENTRY--TOPICAL TERM | |
| Topical term or geographic name entry element | MIDLAND EXPRESSWAY LTD V CARILLION CONSTRUCTION LTD AND OTHERS |
| 650 24 - SUBJECT ADDED ENTRY--TOPICAL TERM | |
| Topical term or geographic name entry element | ST MODWEN DEVELOPMENTS LTD V BOWMER AND KIRKLAND |
| 651 #4 - SUBJECT ADDED ENTRY--GEOGRAPHIC NAME | |
| Geographic name | England and Wales |
| Chronological subdivision | 1543- |
| 690 ## - LOCAL SUBJECT ADDED ENTRY--TOPICAL TERM (OCLC, RLIN) | |
| Topical term or geographic name as entry element | BUILT ENVIRONMENT-CONSTRUCTION MANAGEMENT-BUILDING CONTRACT ADMINISTRATION |
| 942 ## - ADDED ENTRY ELEMENTS (KOHA) | |
| Suppress in OPAC | 0 |
| Withdrawn status | Lost status | Source of classification or shelving scheme | Damaged status | Not for loan | Home library | Current library | Shelving location | Date acquired | Total Checkouts | Full call number | Barcode | Date last seen | Copy number | Price effective from | Koha item type |
|---|---|---|---|---|---|---|---|---|---|---|---|---|---|---|---|
| Dewey Decimal Classification | London | London | Journal article | 08/08/2006 | L134461 | 134461-1001 | 06/08/2019 | 1 | 06/08/2019 | Journal article |